Zgadnij zmieniające się flagi #1 - Statystyki

Ogólne statystyki
  • Ten quiz został rozwiązany 1 500 razy
  • Średni wynik to 5 z 30
Statystyki odpowiedzi
Hint Odpowiedź % Poprawnych
Dodaj niebieski pas po środku Rosja
97%
Obróć w prawo o 90 stopni Francja
57%
Dolny pas przesuń na samą górę Holandia
57%
Lewy pas pokoloruj na zielono Włochy
50%
Środkowy pas pokoloruj na żółto Mali
25%
Obróć o 180 stopni Gwinea
19%
Obróć w prawo o 90 stopni Boliwia
14%
Środkowy pas pokoloruj na niebiesko i zwiększ górny pas Kolumbia
13%
Przywróć górnemu pasowi wcześniejszy rozmiar i dodaj łuk z gwiazd Wenezuela
13%
Usuń górny pas, a z gwiazd zrób złotą koronę i umieść ją po lewej stronie Liechtenstein
12%
Górny pas przesuń na sam dół Litwa
12%
Prawy pas pokoloruj na pomarańczowo Irlandia
11%
Usuń koronę i pokoloruj dolny pas na żółto Ukraina
11%
Obróć w prawo o 90 stopni i dodaj niebieskie koło Dharmy Indie
10%
Koło Dharmy pokoloruj na pomarańczowo i zamień na zwykłe koło Niger
10%
Dolny pas pokoloruj na zielono i obróć o 90 stopni Nigeria
10%
Obróć o 180 stopni Wybrzeże Kości Słoniowej
10%
Doczep zielony pas na dole i obróć o 180 stopni Gabon
9%
Dolny pas pokoloruj na czarno Jemen
9%
Środkowy pas pokoloruj na biało Sierra Leone
9%
Dodaj zielony trójkąt po lewej stronie Sudan
9%
Usuń koło, a górny pas pokoloruj na czerwono Węgry
9%
Dodaj gwiazdę na trójkącie Jordania
8%
Dodaj niebieski pas po środku, gwiazdę zamień na koło i pokoloruj na biało Laos
8%
Kolor górnego pasa przenieś na trójkąt, kolor trójkąta na dolny pas, a kolor dolnego pasa na górny pas Palestyna
8%
Całą flagę pokoloruj na kolor trójkąta, a gwiazdę przenieś na środek i pokoloruj na żółto Wietnam
8%
Wszystko na zewnątrz kółka pokoloruj na jego kolor, a gwiazdę zamień na kółko i przesuń na środek Japonia
7%
Zamień ze sobą kolory środkowego pasa oraz dwóch skrajnych Kostaryka
7%
Na skraju pasów dodaj białe pasy i usuń koło Tajlandia
7%
Dodaj białe kółko z wyciętą ze środka gwiazdą Korea Północna
5%
Nie znaleziono quizów pasujących do podanych kryteriów
Rozkład punktacji
Procent ludzi z każdym wynikiem
Percentyl według liczby udzielonych odpowiedzi
Twoja historia wyników
Nie rozwiązałeś tego quizu